| 000 | 01939cam a2200373 a 4500 | ||
|---|---|---|---|
| 001 | 7038016 | ||
| 003 | Nust | ||
| 005 | 20220728150031.0 | ||
| 008 | 080219s2008 nyu b 001 0 eng | ||
| 010 | _a 2008007062 | ||
| 020 | _a9780261102361 (pbk) | ||
| 024 | _a99932800056 | ||
| 035 | _a(OCoLC)ocn193909549 | ||
| 035 | _a(NNC)7038016 | ||
| 035 |
_a(OCoLC)193909549 _z(OCoLC)183260965 |
||
| 040 |
_aDLC _cDLC _dYDX _dBAKER _dBTCTA _dYDXCP |
||
| 050 | 0 | 0 |
_aPR6039.O32 _bL63457 2008 |
| 082 | 0 | 0 |
_a823.912 _bTOL |
| 100 |
_aJ.R.R. Tolkien's _995661 |
||
| 245 | 0 | 0 |
_aThe two towers: _bThe lord of the rings part 2 / _cJ. R. R. Tolkien |
| 246 | 3 | 0 | _aLord of the rings |
| 260 |
_aNew York : _bBloom's Literary Criticism, _c2009. |
||
| 300 |
_a971 p. ; _c25 cm. |
||
| 490 | 1 | _aBloom's modern critical interpretations | |
| 504 | _aIncludes bibliographical references (p. 191-194) and index. | ||
| 505 | 0 | _aEpic Pooh / Michael Moorcock -- "Queer" hobbits: the problem of difference in the Shire / Jane Chance -- Mind, spirit, and dream in The lord of the rings / Michael N. Stanton -- Frodo's batman / Mark T. Hooker -- In the far northwest of the old world / Jared Lobdell -- Spiders and evil red eyes : the shadow sides of Gandalf and Galadriel / Marjorie Burns -- Archaism, nostalgia, and Tennysonian war in The lord of the rings / Andrew Lynch -- Gothic echoes / Sue Zlosnik -- Tolkien and the idea of the book / Verlyn Flieger -- The story was already written : narrative theory in The lord of the rings / Mary R. Bowman -- Tolkien's females and the defining of power / Nancy Enright. | |
| 600 | 1 | 0 |
_aTolkien, J. R. R. _q(John Ronald Reuel), _d1892-1973. _tLord of the rings. _911915 |
| 650 | 0 |
_aFantasy fiction, English _xHistory and criticism. _911916 |
|
| 700 | 1 |
_aBloom, Harold. _911484 |
|
| 830 | 0 |
_aBloom's modern critical interpretations. _935632 |
|
| 942 |
_2ddc _cBK |
||
| 948 | 1 |
_a20090327 _bc _csds12 _dMPS |
|
| 999 |
_c4070 _d4070 |
||